[Event "WchT 11th"]
[Site "Khanty-Mansiysk"]
[Date "2017.06.24"]
[Round "7.2"]
[White "Adhiban, Baskaran"]
[Black "Korobov, Anton"]
[Result "1-0"]
[WhiteElo "2670"]
[BlackElo "2711"]
[Annotator "Adhiban,B"]
[PlyCount "67"]
[EventDate "2017.06.17"]
[EventType "team-tourn"]
[EventRounds "9"]
[EventCountry "RUS"]
[SourceTitle "CBM 179"]
[Source "ChessBase"]
[SourceDate "2017.07.12"]
[SourceVersion "1"]
[SourceVersionDate "2017.07.12"]
[SourceQuality "1"]
[WhiteTeam "India"]
[BlackTeam "Ukraine"]
[WhiteTeamCountry "IND"]
[BlackTeamCountry "UKR"]

{I had lost the previous game, so I was eager to play a cool game.} 1. e4 e6 2.
d4 d5 3. Nc3 Nf6 4. e5 Nfd7 5. f4 c5 6. Nf3 Nc6 7. Be3 Be7 8. Qd2 O-O (8... a6
$5 {was what I used against Karjakin.}) 9. dxc5 Nxc5 10. O-O-O Qa5 {An offbeat
line which has depressing results for Black.} (10... a6 {is the popular
mainline.}) 11. Kb1 Rd8 12. Nd4 Bf8 (12... Nxd4 13. Nxd5 $1 {was a nice trick.}
Qxd2 14. Nxe7+ Kf8 15. Rxd2 $16) 13. g4 $5 {The most natural continuation
playing for space and intiative on the kingside.} ({The computer also likes} 
13. h4 Bd7 14. h5 Rac8 15. Rh3 $5 $14 {A nice rook lift to protect the
queenside.}) 13... Bd7 14. h4 {Continuing the same strategy.} Rab8 15. Nce2 {
Here I decided to aim for a more pleasant endgame and there is no good way for
him to refuse.} (15. Ndb5 $5 Be8 {also looks alright for Black.}) 15... Qxd2 (
15... Qc7 16. Nb5 {was my idea.} Qc8 17. Ng3 $40 {1/2-1/2 (30) Guerra Mendez,J
(2523)-Cordova,E (2609) Catalunya 2014}) 16. Rxd2 Ne4 17. Rd1 Nxd4 18. Bxd4 (
18. Nxd4 Ng3 (18... h5 19. gxh5 Ng3 20. Rg1 Nxh5 21. Be2 {[%csl Rh5]}) 19. Rg1
Nxf1 20. Rgxf1 Bc5 $1 {followed by the exchange of the knight with an equal
endgame.}) 18... b6 (18... Bb5 19. Bxa7) 19. Bg2 Bb5 20. Rhe1 (20. Nc1 {
is just too slow I felt, but maybe it wasn't so bad.} h5 $5 21. gxh5 (21. Bxe4
dxe4 $132) 21... Ng3 22. Rh2 Nxh5 23. Bf3 $3 Nxf4 24. h5 $16 {This plan wasn't
easy/not possible to see during the game :).}) 20... Bb4 {At first I thought
this was very strong but...} (20... Bxe2 21. Rxe2 Nc5 $5 {Black could aim for
this material imbalance with the aim of exchanging the dark-squared bishop,
but I have enough time to retain BB with b3-Bb2 if needed.} 22. f5 $14) (20...
Bc5 $1 {not allowing White time to consolidate.} 21. Bf3 $1 {White still
retains some chances for an edge.} (21. Bxe4 dxe4 $132)) 21. c3 Be7 {
Positionally this plan looks sound as it forces g5 from White...} 22. Bxe4 dxe4
23. g5 $1 {Both of us overestimated Black's chances at first...Soon it struck
me that I was the one with any realistic winning chances.} Bd3+ 24. Kc1 h5 ({
Black had to try to create counterchances on the queenside.} 24... b5 $1 25. a3
({I was calculating} 25. Bxa7 Ra8 26. Bb6 Rdb8 27. Bc7 Rb7 28. Bd6 Rxa2 {
Black gets sufficient activity.} 29. Bxe7 Rxe7 30. Nd4 b4 $1 31. Nc6 bxc3 32.
Nxe7+ Kf8 33. bxc3 Kxe7 {with strong compensation.}) (25. Kd2 b4 26. Ke3 bxc3
27. bxc3 Rb2) 25... a5 26. Kd2 b4 27. axb4 axb4 28. Ke3 bxc3 29. bxc3 {and
only now} h5 $1 {Black holds the balance.}) 25. Kd2 (25. Ng3 Rxd4 $1 26. cxd4
Rc8+ 27. Kd2 Bb4+ 28. Ke3 Bxe1 29. Rxe1 g6 30. Nxe4 Bxe4 31. Kxe4 Rc2 32. Re3
Rxb2 33. Ra3 a5 34. Rb3 Rxa2 (34... Rxb3 35. axb3 b5 36. d5 exd5+ 37. Kxd5 Kf8
38. Kc5 a4 39. bxa4 bxa4 40. Kb4 Ke7 41. Kxa4 Ke6 42. Kb5 Kf5 43. Kc6 Kxf4 44.
Kd6 $18 {Just in time for the climax!}) 35. Rxb6 Rh2 {with a draw.}) 25... Bc5
(25... Kh7 26. Ke3 (26. Ng3 Kg6 27. Nxe4 Bxe4 28. Rxe4 Kf5 {would allow Black
decent saving chances.}) 26... Kg6 {Now I have the devastating} 27. f5+ $1 (27.
Ng3 {is also possible with a solid pawn up.}) 27... exf5 (27... Kxf5 28. Rf1+
Kg6 29. Nf4+ Kh7 30. Nxd3 exd3 31. Rxf7 $18) 28. Nf4+ Kh7 29. Nxh5 $16 {
with very nice position for White.}) 26. Ke3 Rbc8 (26... Bxd4+ 27. Nxd4 Rbc8
28. g6 $1 $16 {[%cal Ge1g1] and the difference between the minor pieces is
evident.}) 27. Bxc5 Rxc5 28. Ng3 Rcd5 29. Nxh5 Bc4 30. Rd4 $1 {This is the
point, White keeps the d-file closed.} Bxa2 31. Ra1 Rxd4 32. cxd4 Bd5 33. Rxa7
g6 (33... Rc8 {was the last try, now I have two interesting options.} 34. f5 $5
{I would have probably gone for this.} (34. g6 fxg6 35. Rxg7+ Kf8 36. Rxg6 Rc1
37. f5 exf5 38. Rf6+ (38. Nf4 Bf7 39. Rxb6 Rf1) 38... Ke7 39. Rxf5 $18) 34...
exf5 35. Nf4 Rd8 36. h5 {with a crushing bind.}) 34. Rd7 $1 {We lost a medal
in the Olympiad thanks to my opponent, so it was nice to get revenge!} (34.
Nf6+ Kg7 35. Rd7 Rh8) (34. Rd7 Rc8 35. Nf6+) 1-0

[Event "Surfers Paradise op"]
[Site "Gold Coast"]
[Date "2010.12.29"]
[Round "9"]
[White "Zhao, Zong Yuan"]
[Black "Xie, George Wendi"]
[Result "1-0"]
[WhiteElo "2586"]
[BlackElo "2478"]
[Annotator "Amir,K"]
[PlyCount "47"]
[EventDate "2010.12.26"]
[EventType "swiss"]
[EventRounds "9"]
[EventCountry "AUS"]
[SourceTitle "CBM 140 Extra"]
[Source "ChessBase"]
[SourceDate "2011.03.01"]
[SourceVersion "1"]
[SourceVersionDate "2011.03.01"]
[SourceQuality "1"]

1. e4 e6 2. d4 d5 3. Nc3 Nf6 4. e5 Nfd7 5. f4 c5 6. Nf3 Nc6 7. Be3 a6 8. Qd2 b5
9. a3 Bb7 10. Bd3 g5 $5 11. fxg5 cxd4 12. Nxd4 Ncxe5 $5 (12... Ndxe5 {this is
the move I knew of} 13. O-O Bg7 14. Nxc6 Bxc6 15. Bc5 {is a line if I am not
mistaken}) 13. O-O Bg7 14. Nce2 {this seemed like the most logical plan,
bringing the knight to h5} O-O 15. Ng3 Ng4 $1 {this move I hadn't expected
although looking back it seems to be the best move} (15... Qc7 16. Nh5 Ng4 17.
Rf4 Nxe3 18. Qxe3 Qe5 (18... e5 19. Nf6+) 19. Qh3 $1 (19. Qg3 $18)) 16. Rf4 {
I didn't quite realise that with this move the next set of moves is semi forced
} (16. c3 {During the game I really only thought about going for a direct
attack but this sensible move certainly has merits}) 16... Nde5 $1 {After this
I went into the thinking tank, the more I thought the more I realised that
white now has to sacrifice something} (16... Nxe3 17. Qxe3 Qxg5 (17... e5 18.
Rh4 exd4 (18... e4 19. Ngf5 exd3 20. Ne7+ Kh8 21. Rxh7+ Kxh7 22. Qh3+ {is a
nice line which I did see :)}) 19. Bxh7+ Kh8 {I saw up to here and I thought
it should be winning, now with an engine it's also quite straight forward} 20.
Qf4 Ne5 21. Nh5 f6 22. Bf5 fxg5 23. Nf6+ $18) 18. Nxe6 {I was this much but
now Fritz 5 points out} Qe7 {but the rest is quite easy here} 19. Nf5 Qxe6 20.
Qg3 Qe5 21. Nxg7 $16) 17. Raf1 $5 {I saw the upcoming idea and despite the
fact it all worked out I still have doubts now even after the game. On the
other hand everything else looked depressing so this decision is forced too...}
Nxe3 {Black has many options now...most of them winning some material} (17...
Qxg5 18. Rxg4 (18. Nxe6 $2 Qh4 $19) 18... Qxg4 19. Rf4 Qg5 20. Nxe6 $18 {
took a while for me to see but finally it clicked}) (17... Nxd3 {this one also
gave me huge headaches} 18. Rxg4 $1 (18. cxd3 Nxe3 19. Qxe3 e5 20. Rf6 exd4 21.
Qxd4 Bxf6 22. Rxf6 Qe7 $19) (18. Qxd3 Nxe3 19. Qxe3 (19. Rh4 h6 $1 $19) 19...
e5 20. Rf6 exd4 21. Qxd4 Bxf6 22. Rxf6 Qe7 23. h3 Rae8 $19 {this whole
variation could have also happened in the game but if white is forced into it
then he is justlost}) 18... Nxb2 {this move fell outside of my vision but
fortunately white seems fine here} (18... Ne5 19. Rh4 {is what I was planning})
19. Nh5 $40) 18. Qxe3 Nxd3 {Diagram # Diagram #} 19. Rf6 Nc5 $2 {I feel this
is too passive although of course a deep computer analysis is needed} (19...
Bxf6 $1 20. gxf6 Kh8 21. cxd3 Rc8 $1 {and I am not that confident about
white's chances} (21... Rg8 22. Nf3 (22. Qe5 Qb6 (22... Rg6) 23. Kh1 Rac8 24.
Nf3 d4) 22... Rc8 (22... d4 23. Ne5 $1) 23. Ne5 Rc7 24. d4 $44) 22. Nh5 Rg8 23.
Ng7 Qf8 {here I think black is better although white may hold}) (19... Nxb2 20.
Nh5 Nc4 21. Qh3 Qb6 22. c3 Bh8 23. Kh1 (23. Rh6 Bxd4+ 24. cxd4 Qxd4+ 25. Kh1))
(19... e5 {I didn't think this was good in the game but there is this Nc1 idea
which might make it okay} 20. Nh5 exd4 21. Qxd4 (21. Qxd3 Qe7) 21... Nc1 $5 {
Fritz 5 idea} 22. Rxc1 Bh8 23. Rcf1 Qe7) 20. Nh5 Bh8 21. Rh6 {Now I didn't
really see a defence} Ne4 22. Nf6+ Bxf6 23. gxf6 Qd6 (23... Kh8 24. Rxh7+ Kxh7
25. Qh3+ Kg6 26. Qg4+ Ng5 27. h4 $18) (23... Qb6 24. Rf4 Rfc8 25. Rxe4 dxe4 26.
Qg5+ Kf8 27. Qg7+ Ke8 28. Qg8+ Kd7 29. Qxf7+ Kd6 30. Qxe6+ Kc7 31. Rxh7+ $18)
24. Rh5 {A nice way to sort of rescue a really up and down tournament} 1-0

[Event "SLO-chT 11th"]
[Site "Bled"]
[Date "2001.10.19"]
[Round "2"]
[White "Sax, Gyula"]
[Black "Atalik, Suat"]
[Result "1/2-1/2"]
[WhiteElo "2593"]
[BlackElo "2527"]
[Annotator "Atalik,S"]
[PlyCount "61"]
[EventDate "2001.10.18"]
[EventType "team-tourn"]
[EventRounds "7"]
[EventCountry "SLO"]
[SourceTitle "EXT 2002"]
[Source "ChessBase"]
[SourceDate "2001.11.25"]
[SourceVersion "1"]
[SourceVersionDate "2001.11.25"]
[SourceQuality "1"]
[WhiteTeam "Maribor SK Piramida"]
[BlackTeam "Ptuj"]
[WhiteTeamCountry "SLO"]
[BlackTeamCountry "SLO"]

1. e4 e6 2. d4 d5 3. Nc3 Nf6 4. e5 Nfd7 5. Nce2 $5 {An interesting move.} (5.
f4 c5 6. Nf3 Nc6 7. Ne2 {is always an intriguing alternative for me.}) 5... c5
6. c3 cxd4 $1 {I like this more than the reminiscent of Tarrasch's 3.Nd2 Nf6
type of lines.} 7. cxd4 f6 8. Nf4 {This is the usual response.} (8. f4 {
is another line.} fxe5 9. fxe5 (9. dxe5 Nc6 10. Nf3 Bb4+ $13) 9... Bb4+ 10. Kf2
O-O+ 11. Nf3 Nc6 $13) 8... Bb4+ 9. Bd2 Qb6 10. Bxb4 (10. Rc1 {I have
considered this move during the game.} O-O 11. Bxb4 Qxb4+ 12. Qd2 Qe7 $13)
10... Qxb4+ 11. Qd2 Qxd2+ 12. Kxd2 Kf7 $5 $146 {An idea of GM Nigel Short.} (
12... Ke7 13. exf6+ gxf6 14. Re1 Nb6 15. Nf3 {Anand-Bareev,New Delhi(WCh)2000.}
Bd7 $1 16. Bd3 (16. Nd3 $140 Nc4+) 16... Nc6 17. Re2 (17. Bf5 $2 e5 $1 18. Bxd7
Kxd7 19. Nd3 $2 e4 $19) 17... Kd6 18. Rhe1 Rae8 19. Nh5 Ref8 20. b3 $14) 13.
exf6 gxf6 14. Nf3 Nc6 $5 {Whether this move lacks accuracy I really do not
know.} (14... Nb6 15. Rc1 Nc6 16. Bb5 Bd7 17. Nd3 a6 18. Bxc6 Bxc6 19. b3 Ke7
20. Rhe1 Kd6 21. Nf4 Rae8 22. Nh5 Nd7 23. Nh4 $36) 15. Bb5 $1 Nb6 16. Bxc6 $5 (
16. Rac1 Bd7 17. Nd3 a6 {transposes to the note above.}) (16. Nd3 Na5 17. Nc5
Nac4+ 18. Kc3 Nd6 19. Bd3 Nd7 $13) 16... Nc4+ 17. Kc3 bxc6 18. Nd3 Rg8 $1 {
Black has to give white's pawn structure some weaknesses.} 19. g3 (19. Rhg1 {
looks more accurate though passive as well.} Nd6 20. Nc5 Nb7 $13) 19... Nd6 20.
Nc5 Nb5+ $6 (20... Nb7 {First of all it is not clear if after this one black
is worse.} 21. Nxb7 Bxb7 $13) ({Besides} 20... e5 21. dxe5 Nb5+ 22. Kd2 Bg4 {
is a much better way to reach the text avoiding 22.Kd2 e5 23.a4 in the game
continuation.}) 21. Kd3 (21. Kd2 e5 22. dxe5 $1 (22. a4 $2 {I could not
appreciate this move well during the game.} Nxd4 $1 (22... Nd6 {Also possible
is} 23. dxe5 $140 Nc4+ 24. Kc3 fxe5 25. Rhe1 (25. b3 Bg4) 25... Re8 $1 (25...
Kf6 $2 26. b3 Bg4 27. bxc4 Bxf3 28. Nd7+ $18) 26. b3 Bg4 27. Ng5+ Kg6 28. bxc4
(28. Nge4 Nb6 29. Nd6 Red8 30. Ncb7 Rf8 {goes nowhere for white.}) 28... Kxg5
29. cxd5 cxd5 30. Rxe5+ Rxe5 31. f4+ Kf6 32. fxe5+ Kxe5 33. Re1+ Kd6 $11) 23.
Nxd4 exd4 {Black should not be afraid of this position.} 24. Kd3 (24. b4 Rb8
25. Rhb1 Bf5 26. Rb3 Rb6 27. b5 Rc8 $1 $17) 24... Rb8 25. b3 Rb4 $15) 22... Bg4
23. e6+ Bxe6 24. a4 $1 Nd6 (24... Bg4 25. axb5 Bxf3 26. Rhe1 cxb5 27. Re3 Bg4
28. Rea3 $16) 25. Nd4 Bf5 $1 $14) 21... e5 22. dxe5 Bf5+ 23. Ke3 $2 (23. Kd2
Bg4 24. e6+ Bxe6 25. a4 Nd6 $14 {looks normal.}) 23... Rae8 $1 $17 {After this
white looks like being in a horrible shape.} 24. e6+ $8 (24. Kf4 fxe5+ $1 25.
Nxe5+ (25. Kxf5 $4 Nd6#) 25... Kf6 26. Ncd7+ Bxd7 27. Nxd7+ Ke6 28. Nc5+ Kd6
$19) 24... Bxe6 25. Rhe1 Bg4+ 26. Kf4 Bxf3 $4 (26... Rb8 $1 {I have overlooked
this simple idea.} 27. Rac1 (27. Nb3 c5 28. Nxc5 Bxf3 29. Kxf3 Nd4+ 30. Kg2 Nc2
31. Nd3 Nxa1 32. Rxa1 $17) 27... Nd6 $1 (27... Bxf3 $6 28. Kxf3 Nd4+ 29. Kg2 (
29. Ke3 Nf5+ 30. Kf4 Rb4+ $1 $17) 29... Rxb2 30. Nb3 $1 Nxb3 31. axb3 Rc8 $1
32. Re3 c5 33. Rec3 Ke6 34. Re3+ (34. Rxc5 Rxc5 35. Rxc5 Rxb3 36. Ra5 Rb7 37.
Kf3 $15) 34... Kd6 $1 35. Ra1 $132 Rb8 36. Rf3) 28. Nd4 (28. Nd3 Bf5 29. Rxc6
Rg4+ 30. Ke3 Nc4+ 31. Rxc4 Rxc4 32. Nfe5+ fxe5 33. Nxe5+ Kf6 34. Nxc4 dxc4 $19)
28... Rb4 29. Ke3 Nc4+ 30. Kd3 Ne5+ $19) 27. Kxf3 Nd4+ 28. Kg2 Rxe1 29. Rxe1
Rb8 30. b3 Rb5 31. Na4 {Since black has lost a lion share of his advantage I
have accepted Gyula's draw offer.} (31. Na4 Ra5 32. Rd1 Ne6 33. f4 $15) 1/2-1/2

[Event "BIH-chT 5th"]
[Site "Banja Vrucica"]
[Date "2006.06.18"]
[Round "1"]
[White "Zelcic, Robert"]
[Black "Atalik, Suat"]
[Result "1/2-1/2"]
[WhiteElo "2525"]
[BlackElo "2632"]
[Annotator "Atalik,S"]
[PlyCount "102"]
[EventDate "2006.06.18"]
[EventType "team-tourn"]
[EventRounds "9"]
[EventCountry "BIH"]
[SourceTitle "EXT 2008"]
[Source "ChessBase"]
[SourceDate "2007.11.25"]
[SourceVersion "1"]
[SourceVersionDate "2007.11.25"]
[SourceQuality "1"]
[WhiteTeam "Prozor Rama"]
[BlackTeam "Sarajevo Bosna"]
[WhiteTeamCountry "BIH"]
[BlackTeamCountry "BIH"]

1. e4 e6 2. d4 d5 3. Nc3 Nf6 4. e5 Nfd7 5. f4 c5 6. Nf3 Nc6 7. Be3 {This is an
annoying line for black.} a6 (7... cxd4 8. Nxd4 Bc5 9. Qd2 Bxd4 10. Bxd4 Nxd4
11. Qxd4 Qb6 12. Qd2 Nc5 (12... Qxb2 13. Rb1 Qa3 14. Nb5 Qxa2 15. Nd6+ Ke7 16.
Rc1 $1 b6 17. Be2 Qa5 18. c3 Qc5 19. c4 $40 {is a vicious line.}) 13. O-O-O Bd7
$14) 8. Qd2 b5 9. dxc5 {The Old line.} (9. a3 Rb8 $5 (9... Qa5 10. Ra2 Qc7 {
is very popular these days.}) 10. Ne2 $5 $13) 9... Bxc5 ({I am not in a very
big love with.} 9... Qa5 $5) 10. Bxc5 Nxc5 11. Qf2 Qb6 12. Bd3 (12. b4 Nd7 $8)
12... Rb8 13. O-O Nb4 $6 {I do not know why I have chosen this one.} (13... Na4
$1 14. Nxa4 bxa4 $13 {is more logical.}) 14. Rfd1 Na4 15. Nxa4 bxa4 16. Qxb6 (
16. b3 Qxf2+ 17. Kxf2 Bd7 18. a3 Nxd3+ 19. Rxd3 a5 $132) 16... Rxb6 17. b3 Nc6
18. Bf1 $2 {White had to act quickly.} (18. c4 $1 axb3 19. axb3 Nb4 (19... Rxb3
$2 20. cxd5 exd5 21. Bxa6 Be6 22. Rdc1 $16) 20. Nd4 Ke7 21. Bf1 (21. c5 Rb8 22.
c6 $2 Kd8 23. Rdc1 Kc7 24. Rc3 Rb6 25. Kf2 Nxc6 26. Rac1 Bb7 $17) 21... Rb8 22.
c5 Kd8 23. Ra4 $16 {with a further idea of Bb5!}) (18. Rdb1 axb3 19. Rxb3 Rb4 (
19... Rb7 20. Bxa6 Rxb3 21. axb3) 20. Bxa6 Bxa6 21. Rxb4 Nxb4 22. Rb1 Nc6 23.
Rb6 Kd7 24. Rxa6 Rb8 $44) 18... Ke7 19. c4 (19. Nd4 Bd7 20. bxa4 $2 Rb4 $1 (
20... Nxd4 $6 21. Rxd4 a5 22. a3)) 19... dxc4 20. bxc4 (20. Bxc4 Na5) 20... Rd8
$1 $15 {b line combined with the strong a pawn gives black a clearly better
game.} 21. Rxd8 (21. Rd6 $6 Rxd6 22. c5 Rd1 23. Rxd1 Rb2 24. Rd6 Bd7 (24... Bb7
$2 25. Bxa6 Bxa6 26. Rxc6 Bb7 27. Rc7+ Kd8 28. Rxf7 Bxf3 29. gxf3 g6 30. Rxh7
Rxa2 31. Ra7 a3 32. c6 Kc8 33. h4 Kb8 34. c7+ Kc8 $11) 25. Bxa6 a3 $17) (21.
Rdb1 Rb7 (21... Rxb1 22. Rxb1 Nd4 23. Ng5 f6) 22. Rxb7+ Bxb7 23. Rb1 Na5 24.
Rb4 Bc6 25. Kf2 Rd1 $17) 21... Nxd8 22. Nd2 $1 {An incredible defence by
Robert.} Rb2 23. Ne4 Bb7 24. Nd6 a3 25. c5 Bd5 26. Nc4 Rc2 (26... Bxc4 27. Bxc4
Nc6 28. Bxa6 Nb4 29. Bc4 Rc2 30. Bb3 Rxc5 31. Rd1 $15) 27. Ne3 Rxc5 28. Bxa6
Nc6 29. Nxd5+ exd5 30. Rb1 Rc2 {This looks like losing the advantage but I
really could not have found anything clear.} (30... g5 31. g3 $1 (31. fxg5 $2
Nxe5 32. Rb3 Rc1+ 33. Bf1 Nc4 $19) (31. Rb7+ Kd8 (31... Ke6 32. Bb5 gxf4 33.
Rb6 Kd7 (33... Kxe5 $2 34. Bxc6 Rc1+ 35. Kf2 Rc2+ 36. Kf3 Rxa2 37. Ra6 Rc2 38.
Be8) 34. Rb7+ Kc8 35. Bxc6 Rxc6 36. Rxf7 $11) 32. Bb5 $2 Nd4 $17) 31... gxf4
32. gxf4 Rc2 33. Rb7+ Kd8 34. Bb5 Nd4 35. Rd7+ Kc8 36. Rxd5 Nf3+ 37. Kf1 Nxh2+
38. Ke1 Rxa2 39. Rd3 Ra1+ 40. Kd2 a2 41. Ra3 Nf3+ 42. Kc3 Nxe5) (30... Nd4 31.
Bd3 Rc3 32. Rb7+ Ke8 33. Rb8+ Kd7 34. Bxh7 Ne2+ 35. Kf2 Nxf4 36. Bf5+ Ke7 $11)
31. Rb7+ Kd8 (31... Kf8 32. Bb5 g6 (32... g5 33. Bxc6 Rxc6 34. f5) 33. Ba4 Rc4
34. Bb3 Rxf4 35. Bxd5 Nxe5 36. Ra7 Rd4 37. Bb3 $11) 32. Bb5 Nd4 33. Rd7+ Kc8
34. Rxd5 $11 Nxb5 35. Rxb5 Rxa2 36. Ra5 g6 (36... Kd7 37. f5) 37. h4 h5 38. Kh2
Kb7 39. Kg3 Kb6 40. Ra8 Ra1 41. Ra4 (41. f5 $5 gxf5 42. Kf4 Kc5 (42... a2 43.
Kg5 f4 44. Kf6) 43. Kxf5 Rf1+ 44. Kg5 Kb4 $11) 41... a2 42. Ra8 Kc5 43. Ra7 Kd4
44. Ra4+ Ke3 45. Ra3+ Ke2 46. Ra7 Ke3 47. Ra3+ Ke4 {Black can only win if his
king reaches h1 square however the road is closed for that.} (47... Ke2 48. Ra7
Kf1 49. Kh2 (49. Ra8 Kg1 50. Kh3 (50. Ra7 $4 Rb1 $19 {mates.}) 50... Kf2 51.
Kh2 $11) 49... Kf2 50. g3 $11) 48. Ra6 Rb1 49. Rxa2 Rb3+ 50. Kh2 Kxf4 51. Rf2+
Kxe5 1/2-1/2